Linear programming 2 theory & extensions
Guardado en:
| Autor principal: | |
|---|---|
| Otros Autores: | |
| Formato: | Libro |
| Lenguaje: | inglés |
| Publicado: |
New York
Springer
2003
|
| Colección: | Springer series in operations research
|
| Materias: | |
| Etiquetas: |
Sin Etiquetas, Sea el primero en etiquetar este registro!
|
MARC
| LEADER | 00000nam$a2200000$$$4500 | ||
|---|---|---|---|
| 001 | 0017058 | ||
| 005 | 20240306135249.5 | ||
| 020 | |a 0-387-98613-8 | ||
| 041 | 0 | |a eng | |
| 044 | |a US | ||
| 245 | 1 | 0 | |a Linear programming 2 |b theory & extensions |c George B. Dantzig, Mukund N. Thapa |
| 264 | 1 | |a New York |b Springer |c 2003 | |
| 300 | |a 448 s. | ||
| 490 | 1 | |a Springer series in operations research | |
| 830 | 0 | |a Springer series in operations research | |
| 610 | 2 | 0 | |a programovanie lineárne |
| 610 | 2 | 0 | |a výskum operačný |
| 610 | 2 | 0 | |a modely lineárne |
| 610 | 2 | 0 | |a optimalizácia |
| 100 | 1 | |a Dantzig, George Bernard | |
| 700 | 1 | |a Thapa, Mukund N. | |